Normal view
MARC view
Entry Uniform Title
001 - CONTROL NUMBER
- control field: 36892
003 - CONTROL NUMBER IDENTIFIER
- control field: dpl
005 - DATE AND TIME OF LATEST TRANSACTION
- control field: 20111213142151.0
008 - FIXED-LENGTH DATA ELEMENTS
- fixed length control field: 111213|||a|||||| | ||| d
040 ## - CATALOGING SOURCE
- Original cataloging agency: dpl
- Transcribing agency: dpl
130 ## - HEADING--UNIFORM TITLE
- Uniform title: स्वर्ण जयन्ती पुस्तकमाला
670 ## - SOURCE DATA FOUND
- Source citation: Work cat.: (dpl): 23632, देसिल बयना /, 2011
670 ## - SOURCE DATA FOUND
- Source citation: Work cat.: (dpl): 23632, देसिल बयना /, 2011
